| 000 | 01539cam a22004097a 4500 | ||
|---|---|---|---|
| 003 | CHAP | ||
| 005 | 20220329143015.0 | ||
| 008 | 050726d1980 mx d r 00110 spa d | ||
| 010 | _a90589 | ||
| 011 | _a91561 | ||
| 020 | _a9682407753 | ||
| 035 | _a102120 | ||
| 040 | _cCHAP | ||
| 082 | 0 | 4 |
_a658.1 _bB3Y |
| 100 | 0 | 0 |
_aBartlett, Alton C. _910626 |
| 245 | 1 | 0 |
_aCambio de la conducta organizacional _c/por Alton C. Bartlett y Thomas A. Kayser |
| 260 |
_aMéxico, D. F. : _bTrillas, _c1980 |
||
| 300 |
_a517 p. _bgráfs. ; tablas ; diagramas |
||
| 490 | 0 | _aBiblioteca de ciencias de la administración | |
| 500 | _aTraducción de: Changing Organizational Behavior, 1973. | ||
| 590 |
_aBATCH-UPD _b10 _c20130110 _lUCH01 _h0505 |
||
| 590 |
_aBATCH-UPD _b10 _c20130410 _lUCH01 _h0143 |
||
| 590 |
_aBATCH-UPD _b10 _c20130913 _lUCH01 _h1935 |
||
| 590 |
_aCONVERSION _b10 _c20130109 _lUCH01 _h1350 |
||
| 650 | 1 | 4 |
_aAdministración industrial. _9931 |
| 650 | 1 | 4 |
_aAdministración. _9918 |
| 650 | 1 | 4 |
_aIndustria _xAdministración. _957683 |
| 650 | 1 | 4 |
_aOrganización. _983533 |
| 700 | 0 |
_aKayser, Thomas A. _962855 |
|
| 830 | 0 |
_aBiblioteca de ciencias de la administración _912272 |
|
| 901 | _aBK | ||
| 905 | _aMarco A. Mendoza T. | ||
| 942 | _cLIBRO | ||
| 949 |
_a658.1 B3Y _bBC _cLIBRO _d33724000952339 _eLIBRO _gI.c/e _h106270 _i102120 _sb _t$220.00 |
||
| 949 |
_a658.1 B3Y _bBC _cLIBRO _d33724000952347 _eLIBRO _fc.2 _gI.c/e _h106271 _i102120 _sb _t$220.00 |
||
| 949 |
_a658.1 B3Y _bBC _cLIBRO _d33724000952354 _eLIBRO _fc.3 _gI.c/e _h106272 _i102120 _sb _t$220.00 |
||
| 999 |
_c90589 _d90589 |
||